| LEADER |
01491nam0a2200229 450 |
| 001 |
16868277 |
| 010 |
|
|
|a 978-2-7556-2291-1
|b br.
|d 14,5
|
| 100 |
|
|
|a 20260513d2026 u u0frey01 ba
|
| 101 |
1 |
|
|a fre
|c eng
|
| 102 |
|
|
|a FR
|
| 200 |
0 |
|
|a Before
|e After
|f Anna Todd
|g traduit de l'américain par Alexia Barat
|
| 207 |
|
1 |
|a
|
| 210 |
|
|
|a Paris
|c Hugo Roman
|d DL 2016
|
| 215 |
|
|
|a 1 vol. (259 p.)
|d 21 cm
|
| 225 |
1 |
|
|a New romance
|x 2275-6345
|
| 330 |
|
|
|a Hardin tient un journal secret. Il y raconte sa vie, avant sa rencontre avec Tessa, et pendant les semaines qui vont tout changer. Un journal où les filles de sa bande, Natalie, Molly, Melissa et Steph, tiennent un rôle essentiel. Écrire permet à Hardin d'évacuer sa colère et d'analyser ses sentiments. Ce point de vue nous incitera-t-il à l'indulgence ? Car Hardin a souffert. Il a subi un traumatisme qu'un enfant ne devrait jamais vivre, sans l'amour de ses parents pour l'aider à le surmonter. La rage s'est emparée de lui et ne l'a plus quitté. Il est sombre, solitaire et ne se permet aucune émotion, hormis l'adrénaline de ses méfaits et le sexe. Il se fout de tout, surtout de lui-même. Jusquau jour où sa route croise celle de Tessa.
|
| 461 |
|
0 |
|t Before
|v 1
|
| 700 |
|
0 |
|a Todd
|b Anna
|f 1989-....
|4 70
|
| 702 |
|
0 |
|a Barat
|b Alexia
|4 730
|
| 900 |
|
|
|a Roman
|
| 901 |
|
|
|a Adultes
|
| 995 |
|
|
|a Médiathèque
|c Médiathèque
|f 089021858
|h 089021858
|k R TOD 1
|o p
|q a
|r az
|u A prêter en 2 volumesA vérifier, 2 volumes
|e Médiathèque
|